000 00391nam a2200145Ia 4500
008 231129s2001||||xx |||||||||||||| ||spa||
020 _a84-206-3936-2
040 _bspa
082 _a823 H145mi
100 _aHaggard Henry Rider
245 0 _aLas minas del rey Salomon
260 _c2001
264 _aEspaƱa : Alianza Editorial
942 _2ddc
_cBKS
999 _c18850
_d18850